000
00348nam a2200145Ia 4500
008
240624s9999 xx 000 0 und d
041
_a
eng
082
_a
658.4092 SAD
100
_a
SADLER PHILIP
245
_a
LEADERSHIP
250
_a
(2nd ed.)
260
_c
2005
_a
New Delhi
_b
Kogan Page
300
_a
vii, : 195 : p. : cm. ; 22
365
_c
RS
_b
32
999
_c
7655
_d
7655